<?xml version="1.0" encoding="UTF-8"?>
<record
    xmlns:xsi="http://www.w3.org/2001/XMLSchema-instance"
    xsi:schemaLocation="http://www.loc.gov/MARC21/slim http://www.loc.gov/standards/marcxml/schema/MARC21slim.xsd"
    xmlns="http://www.loc.gov/MARC21/slim">

  <leader>00746nam a22002297a 4500</leader>
  <datafield tag="999" ind1=" " ind2=" ">
    <subfield code="c">280</subfield>
    <subfield code="d">280</subfield>
  </datafield>
  <controlfield tag="005">20251027105626.0</controlfield>
  <controlfield tag="008">230710b           ||||| |||| 00| 0 eng d</controlfield>
  <datafield tag="020" ind1=" " ind2=" ">
    <subfield code="a">978-1-138-34574-4</subfield>
  </datafield>
  <datafield tag="040" ind1=" " ind2=" ">
    <subfield code="c">NMSCST</subfield>
  </datafield>
  <datafield tag="082" ind1=" " ind2=" ">
    <subfield code="a">Grad 300.72 </subfield>
    <subfield code="b">F853 2020 c1</subfield>
  </datafield>
  <datafield tag="100" ind1=" " ind2=" ">
    <subfield code="a">Kevin Walby</subfield>
  </datafield>
  <datafield tag="245" ind1=" " ind2=" ">
    <subfield code="a">Freedom of information and social science research design /</subfield>
    <subfield code="c">Walby, Kevin and Luscombe, Alex</subfield>
  </datafield>
  <datafield tag="260" ind1=" " ind2=" ">
    <subfield code="a">New York :</subfield>
    <subfield code="b">Routledge, </subfield>
    <subfield code="c">c2020.</subfield>
  </datafield>
  <datafield tag="300" ind1=" " ind2=" ">
    <subfield code="a">xvi, 248 pages :</subfield>
    <subfield code="b">color illustrations</subfield>
  </datafield>
  <datafield tag="500" ind1=" " ind2=" ">
    <subfield code="a">Includes references and index.</subfield>
  </datafield>
  <datafield tag="650" ind1=" " ind2=" ">
    <subfield code="a">Freedom of information.</subfield>
  </datafield>
  <datafield tag="650" ind1=" " ind2=" ">
    <subfield code="a">Social sciences--Research.</subfield>
  </datafield>
  <datafield tag="650" ind1=" " ind2=" ">
    <subfield code="a">Social sciences.</subfield>
  </datafield>
  <datafield tag="650" ind1=" " ind2=" ">
    <subfield code="a">Social sciences--Research--Methodology.</subfield>
  </datafield>
  <datafield tag="700" ind1=" " ind2=" ">
    <subfield code="a">Alex Luscombe</subfield>
  </datafield>
  <datafield tag="942" ind1=" " ind2=" ">
    <subfield code="2">ddc</subfield>
    <subfield code="c">CIR</subfield>
  </datafield>
  <datafield tag="952" ind1=" " ind2=" ">
    <subfield code="0">0</subfield>
    <subfield code="1">0</subfield>
    <subfield code="2">ddc</subfield>
    <subfield code="4">0</subfield>
    <subfield code="7">0</subfield>
    <subfield code="8">NFIC</subfield>
    <subfield code="a">GL</subfield>
    <subfield code="b">GL</subfield>
    <subfield code="c">CIR</subfield>
    <subfield code="d">2023-07-10</subfield>
    <subfield code="e">Purchased (Super Pages)</subfield>
    <subfield code="g">4090.00</subfield>
    <subfield code="h">10167</subfield>
    <subfield code="l">0</subfield>
    <subfield code="o">Grad 300.72 F853 2020 c1</subfield>
    <subfield code="p">10167</subfield>
    <subfield code="r">2023-07-10</subfield>
    <subfield code="t">c1</subfield>
    <subfield code="w">2023-07-10</subfield>
    <subfield code="y">CIR</subfield>
  </datafield>
  <datafield tag="952" ind1=" " ind2=" ">
    <subfield code="0">0</subfield>
    <subfield code="1">0</subfield>
    <subfield code="2">ddc</subfield>
    <subfield code="4">0</subfield>
    <subfield code="7">0</subfield>
    <subfield code="8">NFIC</subfield>
    <subfield code="a">GL</subfield>
    <subfield code="b">GL</subfield>
    <subfield code="c">CIR</subfield>
    <subfield code="d">2023-07-10</subfield>
    <subfield code="e">Purchased (Super Pages)</subfield>
    <subfield code="g">4090.00</subfield>
    <subfield code="h">10410</subfield>
    <subfield code="l">0</subfield>
    <subfield code="o">Grad 300.72 F853 2020 c2</subfield>
    <subfield code="p">10410</subfield>
    <subfield code="r">2023-07-20</subfield>
    <subfield code="t">c2</subfield>
    <subfield code="w">2023-07-10</subfield>
    <subfield code="y">CIR</subfield>
  </datafield>
</record>
